000
00296 a2200109 4500
001
ART_20422
005
20260410161927.0
008
260409a
245
1
0
_a
Functions of Economic Geography
100
1
_a
Otremba, Erich
773
0
_t
Economics
_g
- Vol. 1 (ene. 1970)
_w
REV20320
999
_c
28265
_d
28265